000 00677nam a2200289Ia 4500
005 20260324132359.0
008 008 260324s9999 xx 000 0 eng d
020 _a9781315239460
037 _aEBOOK
040 _aCRL
040 _beng
040 _cCRL
041 _2eng
041 _aeng
084 _qCRL
100 _aIvan Petrella
_91189066
245 4 _aThe Future of Liberation Theology
245 3 _bAn Argument and Manifesto
260 _bTaylor and Francis
260 _c2004
365 _a
365 _b230
856 _uhttp://www.taylorfrancis.com/books/9781315239460
942 _cEBOOK
999 _c1787135
_d1787135